Statystyki dla PRZEKĄSKI ZABIERANE W PODRÓŻ

Kliknij tutaj aby rozwiązać quiz!

Ogólne statystyki

  • Ten quiz został rozwiązany 89 razy
  • Średni wynik to 5 z 10

Statystyki odpowiedzi

HintOdpowiedź% Poprawnych
1.Chipsy
92%
2.Paluszki
81%
7.Kanapki
75%
6.Batony
56%
10.Żelki
51%
8.Orzeszki
39%
5.Czekolada
35%
3.Banany
31%
4.Jabłka
31%
9.Słonecznik
11%

Rozkład punktacji

Percentyl według liczby udzielonych odpowiedzi

Procent ludzi z każdym wynikiem

Twoja historia wyników

Nie rozwiązałeś tego quizu